Numéros des Territoires d'Outre-Mer - Statistiques

Statistiques générales
  • Ce quiz a été pris 40 fois
  • Le résultat moyen est 10 sur 13
Statistiques - réponses
Hint Réponse % Correct
971 Guadeloupe
100%
972 Martinique
100%
974 La Réunion
97%
973 Guyane
93%
976 Mayotte
90%
986 Wallis-et-Futuna
77%
975 Saint-Pierre-et-Miquelon
73%
988 Nouvelle-Calédonie
63%
987 Polynésie française
63%
977 Saint-Barthélémy
60%
978 Saint-Martin
57%
984 Terres australes et antarctiques françaises
57%
989 Île de Clipperton
47%
Aucun quiz correspondant
Distribution des résultats
% des personnes avec chaque résultat
Percentile par nombre de réponses
Votre historique - résultats
Vous n’avez pas pris ce quiz